000 00357nam a2200133Ia 4500
008 151001s9999||||xx |||||||||||||| ||und||
100 _aवैजयंती काळे
245 _aएकटी
250 _a1
260 _bराजेंद्र प्रकाशन ठाणे
260 _c1985
300 _a256
365 _b18
999 _c974275
_d974272